书目信息 |
| 题名: |
实用珠算
|
|
| 作者: | 王文山 编 | |
| 分册: | ||
| 出版信息: | 长春 吉林人民出版社 1982 |
|
| 页数: | 238页 | |
| 开本: | 19cm | |
| 丛书名: | ||
| 单 册: | ||
| 中图分类: | O121.5 , G623.5 | |
| 科图分类: | ||
| 主题词: | 珠算 | |
| 电子资源: | ||
| ISBN: | ||
| 000 | 00608nam0 2200241 45 | |
| 001 | 0182000911 | |
| 005 | 20060727164033.15 | |
| 010 | @dCNY0.56 | |
| 091 | @a7091.1334 | |
| 100 | @a19950512d1982 em y0chiy0121 ea | |
| 101 | 0 | @achi |
| 102 | @aCN@b220000 | |
| 105 | @ay z 000yy | |
| 200 | 10 | @a实用珠算@Ashi yong zhu suan@f王文山编 |
| 210 | @a长春@c吉林人民出版社@d1982 | |
| 215 | @a238页@d19cm | |
| 606 | @a珠算 | |
| 690 | @aO121.5@v3 | |
| 690 | @aG623.5 | |
| 701 | 0 | @a王文山@Awang wen shan@4编 |
| 801 | 2 | @aCN@bNLC@c20060727 |
| 801 | 0 | @aCN@b上海图书馆@c20040425 |
| 905 | @f1@b73627@dG623.5@e76 | |
| 实用珠算/王文山编.-长春:吉林人民出版社,1982 |
| 238页;19cm |
| ISBN :CNY0.56 |
| ● |
| 相关链接 |
|
|
|
|
正题名:实用珠算
索取号:G623.5/76
 
预约/预借
| 序号 | 登录号 | 条形码 | 馆藏地/架位号 | 状态 | 备注 |
| 1 | 0073627 | 000465286 | 密集书库/ [索取号:G623.5/76] | 在馆 | |
| 2 | 0073628 | 000465197 | 第一样本阅览室/ [索取号:G623.5/76] | 在馆 | |
| 3 | 0440105 | 204401058 | 密集书库/ [索取号:G623.5/76] | 在馆 |